[Event "Oberfranken-ch U16"]
[Site "Schney"]
[Date "2015.01.05"]
[Round "5"]
[White "Geiger, Alexander"]
[Black "Doetzer, Jonas"]
[Result "1/2-1/2"]
[WhiteElo "1028"]
[BlackElo "981"]
[PlyCount "41"]
[EventDate "2015.01.03"]
[EventType "swiss"]
[EventRounds "7"]
[EventCountry "GER"]
[SourceTitle "CBM 164 Extra"]
[Source "ChessBase"]
[SourceDate "2015.03.02"]
[SourceVersion "1"]
[SourceVersionDate "2015.03.02"]
[SourceQuality "1"]

1. Nf3 Nf6 2. c4 Nc6 3. Nc3 e6 4. e3 d5 5. d4 a6 6. Bd3 Bd6 7. 0-0 0-0 8. Qc2 Nb4 9. Qd2 Bd7 10. Bb1 c5 11. a3 cxd4 12. exd4 Nc6 13. cxd5 Ne7 14. dxe6 Bxe6 15. Qc2 Bf5 16. Qb3 Qc7 17. Bxf5 Nxf5 18. Ne2 Rfe8 19. Qd3 Qd7 20. Be3 Rac8 21. Rfe1 1/2-1/2

[Event "Oberfranken-ch U14 1213"]
[Site "Schney"]
[Date "2013.01.03"]
[Round "3"]
[White "Engel, Philipp"]
[Black "Doetzer, Jonas"]
[Result "1/2-1/2"]
[WhiteElo "1034"]
[BlackElo "913"]
[PlyCount "74"]
[EventDate "2013.01.03"]
[EventType "swiss"]
[EventRounds "7"]
[EventCountry "GER"]
[SourceTitle "EXT 2015"]
[Source "ChessBase"]
[SourceDate "2014.11.20"]
[SourceVersion "1"]
[SourceVersionDate "2014.11.20"]
[SourceQuality "1"]

1. e4 e5 2. Nf3 d6 3. Nc3 Nf6 4. Be2 c5 5. 0-0 Nc6 6. d3 h6 7. h3 Qc7 8. Bd2 Be6 9. Nb5 Qb6 10. a4 Be7 11. b3 0-0 12. Qe1 a6 13. Nc3 d5 14. exd5 Nxd5 15. Nxd5 Bxd5 16. Bc3 Nd4 17. Bxd4 cxd4 18. Nxe5 Qd6 19. Bf3 Bxf3 20. Nxf3 Qb4 21. Qxb4 Bxb4 22. Nxd4 Bc3 23. Nf5 Bxa1 24. Rxa1 Kh7 25. Re1 g6 26. Nd6 b6 27. Re7 Kg7 28. Ne4 b5 29. axb5 axb5 30. c4 Ra1+ 31. Kh2 bxc4 32. bxc4 Rd1 33. Rd7 h5 34. c5 Rc8 35. d4 h4 36. g3 hxg3+ 37. Kxg3 Kh6 1/2-1/2